000 00758nam a2200229Ii 4500
003 JO-AjNU
008 230605s9999||||xx |||||||||||||| ||und||
017 _a2008/8/2655
020 _a978-9957-09-353-2
040 _aJO-AjNU
_bara
_erda
_cJO-AjNU
041 _aara
050 1 4 _aPJ7814.L556.Z75 2009
100 3 _aالكيلاني، مصطفى,
_eauthor
_924901
245 0 0 _aشعرية الذكرى: قراءة في كتابات علي جعفر العلاق
250 _aط1
264 3 1 _aعمان: أزمنة للنشر والتوزيع، 2009
300 _a164ص
336 _atext
_btxt
_2rdacontent
337 _aunmediated
_bn
_2rdamedia
338 _avolume
_bnc
_2rdacarrier
650 4 _aالشعر العربي - تحليل ونقد
_924902
999 _aA9243
_c12811
_d12811